| 000 | 00942nam a22002897a 4500 | ||
|---|---|---|---|
| 001 | BR2014000117 | ||
| 003 | BR-BrBNA | ||
| 005 | 20230928104341.0 | ||
| 007 | ta | ||
| 008 | 230509b bl.||||| |||| 00| 0 por d | ||
| 040 |
_aBR-BrBNA _bpor _cBiblioteca Nacional de Agricultura |
||
| 041 | _a(Por) | ||
| 072 | _aP33 | ||
| 090 | _ P33 BR2014000117 | ||
| 100 | 1 | _aNaves, L.C. | |
| 110 | 1 |
_aUniversidade Federal de Lavras, MG (Brasil) _0Tese (Mestrado) |
|
| 245 | 1 | _aInfluência da compactação do solo na produção e no potencial poluidor de lixiviados de resíduos sólidos urbanos | |
| 260 | 3 |
_aLavras, MG (Brasil): _c2013. |
|
| 300 | _a132 p. | ||
| 500 | _aSummaries (Eng, Por); Bibliography p. 121-129; 31 tables; 30 illus. | ||
| 650 | _aCOMPACTAÇÃO DO SOLO | ||
| 650 | _aRESÍDUO SÓLIDO | ||
| 650 | _aPROPRIEDADE FÍSICO-QUÍMICA | ||
| 650 | _aBALANÇO HÍDRICO | ||
| 909 |
_a202309 _bLucia _c55 _dLucia Elande |
||
| 942 | _cBK | ||
| 999 |
_c79440 _d79440 |
||